Plakans, Andrejs, 1940-. A concise history of the Baltic states. - Cambridge [u.a.] : Cambridge Univ. Press. - 2011 [Rezension]
| Titel: | Plakans, Andrejs, 1940-. A concise history of the Baltic states. - Cambridge [u.a.] : Cambridge Univ. Press. - 2011 [Rezension] |
|---|---|
| Verfasser: | |
| In: |
Journal of Baltic studies, Band 43, Heft 1 (2012), Seite 135-137 alle Artikel anzeigen |
| Veröffentlicht: | 2012 |
| Format: | Aufsatz |
| Sprache: | Englisch |
X
alg: 39505667
001A $01999:12-11-16
001B $01999:04-08-21 $t21:03:24.000
001D $01999:12-11-16
001U $0utf8
001X $00
002@ $0Aox
003@ $0395056675
007A $0395056675 $aHEB
007T $0Herdc0078624m
010@ $aeng
011@ $a2012
021A $aPlakans, Andrejs, 1940-. A @concise history of the Baltic states. - Cambridge {[u.a.] : Cambridge Univ. Press. - 2011 [Rezension]
028A $aKasekamp $dAndres
031A $d43 $e1 $h135-137 $j2012
039B $aIn $8--Abvc--. Journal of Baltic studies. - Abingdon : Routledge, 1972-. - ISSN 0162-9778 $x201200000430001865 $9047244860
039T $8--Aau--Plakans, Andrejs$Z1940- [Tp1]. A @concise history of the Baltic states. - Cambridge {[u.a.] : Cambridge Univ. Press, 2011. - XVI, 472 S.. - Ill., Kt.. - ISBN 978-0-521-83372-1 $9232456127
045F $a900.94798 $eDDC23BSB
045F/01 $a900
045F/03 $g4798
045F/03 $g4793
045F/03 $g4382
045F/03 $g43832
045T $a7,41 $a7,44
lok: 39505667 78
exp: 39505667 78 1 #EPN
201B/01 $018-11-16 $t13:36:44.000
201U/01 $0utf8
203@/01 $0791355314
208@/01 $a12-11-16 $be
209A/01 $a/ $f000 $x00
220C/01 $aTitelaufnehmer: kk
220C/01 $aHerkunft: HI Marburg
244Z/01 $2Trx $#Litauen $#Lithuania $#Litwa $#Litva $#Litva $8--Trx--Lietuva $x01 $9391193457
244Z/01 $2Trx $#Prusy Wschodnie i Zachodnie $8--Trx--Ost- und Westpreußen $x02 $939113373X
244Z/01 $2Trx $#Latvija $#Lettland $#Łotwa $#Lotyšsko $8--Trx--Latvija $x03 $9391275879
244Z/01 $2Trx $#Estija $#Igaunija $#Estland $#Estonia $#Estonia $#Estónsko $#Estonsko $8--Trx--Eesti $x04 $9391237225
244Z/01 $2Trx $#arvustused $#recenzijos $#Reviews $#recenziók $#recenzje $#recenzie $#recenze $8--Trx--Rezensionen $x05 $9391357441
247C/01 $82080>Marburg/Lahn, Herder-Institut, Forschungsbibliothek, Bibliographieportal $9336309341
| LEADER | 00000caa a22000002c 4500 | ||
|---|---|---|---|
| 001 | 395056675 | ||
| 003 | DE-603 | ||
| 005 | 20210804210324.0 | ||
| 007 | tu | ||
| 008 | 161112s2012 xx |||| | u00||u|eng c | ||
| 035 | |a (DE-599)HEB395056675 | ||
| 040 | |a DE-603 |b ger |c DE-603 |d DE-603 | ||
| 041 | |a eng | ||
| 082 | 0 | 4 | |8 1\u |a 900.94798 |q DE-101 |2 23/BSB |
| 084 | |a 7,41 |a 7,44 |2 ssgn | ||
| 085 | |8 1\u |b 900 | ||
| 085 | |8 1\u |z 2 |s 4798 | ||
| 085 | |8 1\u |z 2 |s 4793 | ||
| 085 | |8 1\u |z 2 |s 4382 | ||
| 085 | |8 1\u |z 2 |s 43832 | ||
| 100 | 1 | |a Kasekamp, Andres | |
| 245 | 0 | 0 | |a Plakans, Andrejs, 1940-. A concise history of the Baltic states. - Cambridge [u.a.] : Cambridge Univ. Press. - 2011 [Rezension] |
| 264 | 0 | |c 2012 | |
| 773 | 0 | 8 | |i In |t Journal of Baltic studies |d Abingdon : Routledge, 1972- |x 0162-9778 |g Band 43, Heft 1 (2012), Seite 135-137 |w (DE-603)047244860 |w (DE-600)197751-9 |
| 787 | 0 | 8 | |i Rezension von |a Plakans, Andrejs, 1940- |t A concise history of the Baltic states |d Cambridge [u.a.] : Cambridge Univ. Press, 2011 |h XVI, 472 S., Ill., Kt. |z 9780521833721 |z 9780521541558 |z 0521833728 |w (DE-603)232456127 |
| 924 | 0 | |9 2080 |a (DE-603)791355314 |b DE-2080 |c HES |d d |g / | |


